Young, gifted and in the black (Record no. 76718)
[ view plain ]
| 000 -LEADER | |
|---|---|
| fixed length control field | 01123cab a2200181 4500 |
| 001 - CONTROL NUMBER | |
| control field | ##L132960 |
| 008 - FIXED-LENGTH DATA ELEMENTS--GENERAL INFORMATION | |
| fixed length control field | 060327n2006 000 0 eng u |
| 035 ## - SYSTEM CONTROL NUMBER | |
| System control number | (Sirsi) u132960 |
| 041 0# - LANGUAGE CODE | |
| Language code of text/sound track or separate title | eng |
| 100 1# - MAIN ENTRY--PERSONAL NAME | |
| Personal name | Soltani, Sonia |
| 245 00 - TITLE STATEMENT | |
| Title | Young, gifted and in the black |
| 260 ## - PUBLICATION, DISTRIBUTION, ETC. | |
| Date of publication, distribution, etc. | 2006 |
| 490 #0 - SERIES STATEMENT | |
| Series statement | Building |
| Volume/sequential designation | 271(8423) 24 March 2006, 38-41(4) |
| 520 ## - SUMMARY, ETC. | |
| Summary, etc. | The first "Building"/PSD housebuilders' salary survey has revealed that salaries and packages on offer in the housebuilding sector outweigh those in comparable areas of the property market, with more positions available than qualified people to fill them. The survey also reveals that there is scope for young people to progress quickly, with the average age at director level being significantly lower than it was five to ten years ago. The sector still has difficulty, however, in enticing graduates and skilled people from other areas of the property sector. Contains tables showing average pay of directors and managers nationally and regionally. |
| 590 ## - LOCAL NOTE (RLIN) | |
| Local note | IKA280306 |
| 690 ## - LOCAL SUBJECT ADDED ENTRY--TOPICAL TERM (OCLC, RLIN) | |
| Topical term or geographic name as entry element | CAREERS, EDUCATION AND TRAINING-SURVEYING APPOINTMENTS |
| 942 ## - ADDED ENTRY ELEMENTS (KOHA) | |
| Suppress in OPAC | 0 |
| Withdrawn status | Lost status | Source of classification or shelving scheme | Damaged status | Not for loan | Home library | Current library | Shelving location | Date acquired | Total Checkouts | Full call number | Barcode | Date last seen | Copy number | Price effective from | Koha item type |
|---|---|---|---|---|---|---|---|---|---|---|---|---|---|---|---|
| Dewey Decimal Classification | London | London | Journal article | 27/03/2006 | L132960 | 132960-1001 | 06/08/2019 | 1 | 06/08/2019 | Journal article |